Devine le joueur de foot #22 - Statistiques

Statistiques générales
  • Ce quiz a été pris 88 fois
  • Le résultat moyen est 13 sur 20
Statistiques - réponses
Par images Réponse % Correct
Lucas Chevalier
95%
Brice Samba
88%
Carlos Soler
84%
Christian Pulisic
83%
Lucas Rodrigues Moura da Silva
83%
Jean-Clair Todibo
81%
Islam Slimani
79%
Sofyan Amrabat
78%
Tammy Abraham
73%
Eliesse Ben Seghir
69%
Marcos Llorente
67%
Anderson Luís de Souza
65%
Estêvão Willian
65%
Victor Boniface
58%
Gheorghe Hagi
56%
Youri Djorkaeff
56%
Samuel Chukwueze
44%
Amine Adli
35%
Archie Gray
25%
Carney Chukwuemeka
15%
Aucun quiz correspondant
Distribution des résultats
% des personnes avec chaque résultat
Percentile par nombre de réponses
Votre historique - résultats
Vous n’avez pas pris ce quiz